ديوان ابن خفاجة / (رقم التسجيلة. 179513)

تفاصيل مارك
000 -LEADER
fixed length control field 01453namaa2200349 i 4500
003 - CONTROL NUMBER IDENTIFIER
control field EG-GICUC
005 - DATE AND TIME OF LATEST TRANSACTION
control field 20260415153007.0
008 - FIXED-LENGTH DATA ELEMENTS--GENERAL INFORMATION
fixed length control field 260415s1988 ua ah||jr|||| 001 p ara d
040 ## - CATALOGING SOURCE
Original cataloging agency EG-GiCUC
Language of cataloging ara
Transcribing agency EG-GiCUC
Modifying agency EG-GiCUC
Description conventions rda
082 04 - DEWEY DECIMAL CLASSIFICATION NUMBER
Edition number 21
Classification number 811.6
Item number K451diw
092 04 - LOCALLY ASSIGNED DEWEY CALL NUMBER (OCLC)
Edition number 21
Classification number 811.6
Item number K451diw
099 ## - LOCAL FREE-TEXT CALL NUMBER (OCLC)
Classification number 811.6 K451diw 1988
100 1# - MAIN ENTRY--PERSONAL NAME
Relator term مؤلف.
245 ## - TITLE STATEMENT
Title ديوان ابن خفاجة /
Statement of responsibility, etc. تحقيق الدكتور سيد غازى.
250 ## - EDITION STATEMENT
Edition statement الطبعة الثانية
264 ## - PRODUCTION, PUBLICATION, DISTRIBUTION, MANUFACTURE, AND COPYRIGHT NOTICE
Place of production, publication, distribution, manufacture الاسكندرية (مصر) :
Name of producer, publisher, distributor, manufacturer منشأة المعارف،
Date of production, publication, distribution, manufacture, or copyright notice 1988.
300 ## - PHYSICAL DESCRIPTION
Extent 454 صفحة
Other physical details إيضاحيات، مثيليات ؛
Dimensions 24 سم
336 ## - CONTENT TYPE
Source rdacontent
Content type term text
337 ## - MEDIA TYPE
Source rdamedia
Media type term Unmediated
338 ## - CARRIER TYPE
Source rdacarrier
Carrier type term volume
504 ## - BIBLIOGRAPHY, ETC. NOTE
Bibliography, etc. note يشتمل على ارجاعات ببليوجرافية وفهارس.
541 ## - IMMEDIATE SOURCE OF ACQUISITION NOTE
Source of acquisition د. جابر عصفور ؛
Address القاهرة ؛
Method of acquisition إهداء ؛
Date of acquisition 2024.
600 10 - SUBJECT ADDED ENTRY--PERSONAL NAME
Personal name ابن خفاجة، إبراهيم بن أبي الفتح،
Dates associated with a name 1058 or 1059-1139
9 (RLIN) 10616
650 17 - SUBJECT ADDED ENTRY--TOPICAL TERM
Topical term or geographic name entry element الشعر العربى
Geographic subdivision الاندلس
Source of heading or term qrmak
650 17 - SUBJECT ADDED ENTRY--TOPICAL TERM
Topical term or geographic name entry element الشعر العربى
General subdivision دواوين و قصائد
Source of heading or term qrmak
650 17 - SUBJECT ADDED ENTRY--TOPICAL TERM
Topical term or geographic name entry element الشعر العربى
General subdivision دواوين و قصائد
Geographic subdivision الاندلس
Source of heading or term qrmak
650 17 - SUBJECT ADDED ENTRY--TOPICAL TERM
Topical term or geographic name entry element الشعر العربى
General subdivision تاريخ و نقد
Geographic subdivision الاندلس
Source of heading or term qrmak
651 1# - SUBJECT ADDED ENTRY--GEOGRAPHIC NAME
Source of heading or term qrmak
700 1# - ADDED ENTRY--PERSONAL NAME
Personal name غازى، سيد
Relator term محقق.
905 ## - Cataloger and Reviser Names
Cataloger Name Aya Mohamed
942 ## - ADDED ENTRY ELEMENTS (KOHA)
Source of classification or shelving scheme Dewey Decimal Classification
Koha item type Books
Edition 21
Suppress in OPAC No
المقتنيات
Withdrawn status Lost status Source of classification or shelving scheme Damaged status Not for loan Home library Current library Date acquired Inventory number Total checkouts Full call number Barcode Date last seen Price effective from Koha item type
    Dewey Decimal Classification   Not for loan المكتبة المركزبة الجديدة - جامعة القاهرة قاعة المكتبات المهداة - الدور الرابع 15.04.2026 173372   811.6 K451diw 1988 J.U. 01000100173372000 15.04.2026 15.04.2026 Books
Cairo University Libraries Portal Implemented & Customized by: Eng. M. Mohamady Contacts: new-lib@cl.cu.edu.eg | cnul@cl.cu.edu.eg
CUCL logo CNUL logo
© All rights reserved — Cairo University Libraries
CUCL logo
Implemented & Customized by: Eng. M. Mohamady Contact: new-lib@cl.cu.edu.eg © All rights reserved — New Central Library
CNUL logo
Implemented & Customized by: Eng. M. Mohamady Contact: cnul@cl.cu.edu.eg © All rights reserved — Cairo National University Library